000 00612nam a2200217 a 4500
001 60012
003 BD-RjUL
005 20211209080808.0
008 161228s1952 enka|||| |||| 00| 0 eng d
035 _a(BD-RjUL)60136
040 _aBD-RjUL
_beng
_cBD-RjUL
041 _aeng
082 _223
_a363.20942
_bCAR 1952
100 _aCampbell, G. A.
_9178563
245 1 0 _aThe arm of the law /
_cG. A. Campbell
250 _a2nd ed.
260 _aLondon ;
_aNew York, etc. :
_bOxford University Press,
_c1942
300 _avi, 93 p. :
_bill. ;
_c18 cm.
650 _aPolice
_zGreat Britain
_9178564
942 _2ddc
_cBK
999 _c60012
_d60012